00278nam a2200097Ia 4500008004100000020001400041100003100055245003900086260003600125300001900161180323s9999 xx 000 0 und d a765703610 aRubovits-Seitz, Philip F.D 2aA primer of child interpretation / aUSA :b2002cJason Aronson Inc. avii, 223 pages